| 000 | 02930cam a22004454i 4500 | ||
|---|---|---|---|
| 003 | PE-LiUPU | ||
| 005 | 20250731172859.0 | ||
| 008 | 150625s r 000 0 d | ||
| 020 | _a158983612X | ||
| 020 | _a9781589836129 | ||
| 035 | _a(Sirsi) a165807 | ||
| 040 |
_aPE-LiUPU _bspa _cPE-LiUPU _erda |
||
| 082 | 0 | 4 |
_a292.1721 _bR8 _223 |
| 245 | 1 | 0 |
_aRome and religion : _bA cross-disciplinary dialogue on the imperial cult / _cedited by Jeffrey Brodd and Jonathan L. Reed. |
| 264 | 1 |
_aAtlanta : _bSociety of Biblical Literature, _c2011. |
|
| 300 |
_axiv, 261 páginas : _bilustraciones ; _c23 centímetros. |
||
| 336 |
_atext _2rdacontent |
||
| 337 |
_aunmediated _2rdamedia |
||
| 338 |
_avolume _2rdacarrier |
||
| 505 | 0 | _aMethodological and theoretical issues. The cult of the Roman emperor : uniter or divider? / Karl Galinsky -- Normal religion, or, Words fail us : a response to Karl Galinsky's "The cult of the Roman emperor : uniter or divider?" / Steven J. Friesen -- To complicate encounters : a response to Karl Galinsky's "The cult of the Roman emperor : uniter or divider?" / James Constantine Hanges -- Religion, Roman religion, emperor worship / Jeffrey Brodd -- Augustan religion : from locative to utopian / Eric M. Orlin -- The imperial cult at specific sites. Imperial cult in Roman Corinth : a response to Karl Galinsky's "The cult of the Roman emperor : uniter or divider?" / Barbette Stanley Spaeth -- Embedding Rome in Athens / Nancy Evans -- Honoring Trajan in Pergamum : imperial temples in the "second city" / Daniel N. Schowalter -- Searching for Rome and the imperial cult in Galilee : reassessing Galilee-Rome relations (63 B.C.E. to 70 C.E.) / James S. McLaren -- Christian and Jewish engagement. Roman imperial power : a perspective from the New Testament / Warren Carter -- The emperor as Christ and Christian iconography / Robin M. Jensen -- Capitalizing on the imperial cult : some Jewish perspectives / L. Michael White -- Prospects and responses. In the shadow (or not) of the imperial cult : a cooperative agenda / Karl Galinsky -- Response to Karl Galinsky, "In the shadow (or not) of the imperial cult : a cooperative agenda" / H. Gregory Snyder -- Response to Galinsky, White, and Carter / Nancy Evans. | |
| 526 | _aSEG42 | ||
| 526 | _aSEG41 | ||
| 526 | _aSEG40 | ||
| 526 | _aSEG39 | ||
| 526 | _aP94 | ||
| 526 | _aP87 | ||
| 526 | _aP86 | ||
| 526 | _aP85 | ||
| 526 | _aP77 | ||
| 526 | _aP76 | ||
| 526 | _aP35 | ||
| 650 | 0 | 4 |
_aEmperador adoración _zRoma. |
| 650 | 0 | 4 |
_aRoma _xReligion. |
| 700 | 1 |
_aBrodd, Jeffrey, _eeditor. |
|
| 700 | 1 |
_aReed, Jonathan L., _eeditor. |
|
| 596 | _a1 | ||
| 942 |
_2ddc _cBOOK |
||
| 999 |
_a292.1721 R8 _wLC _c14556 _i75170 _f2021-11-11 _g5 _lCCODEBUL1 _mBUL _r0 _sY _tBOOK _u2017-1-3 _xTEOLOGIA _PP85 _o.STAFF. Colección TEOLOGIA _d14556 |
||
| 980 |
_81 _gALBERTO SANCHEZ Responsable de Automatización |
||